Physical and mechanical properties of rubber wood from the Ivory Coast (Record no. 64941)

MARC details
000 -LEADER
fixed length control field 00457nam a2200169Ia 4500
100 ## - MAIN ENTRY--AUTHOR NAME
Personal name Ahoba A
245 #0 - TITLE STATEMENT
Title Physical and mechanical properties of rubber wood from the Ivory Coast
260 ## - PUBLICATION, DISTRIBUTION, ETC. (IMPRINT)
Name of publisher Agronomie Africaine (Ivory Coast)
Year of publication 1992
300 ## - PHYSICAL DESCRIPTION
Number of Pages 10-May
500 ## - GENERAL NOTE
General note Source Year: 1994
650 ## - SUBJECT ADDED ENTRY--TOPICAL TERM
Topical Term Clones
650 ## - SUBJECT ADDED ENTRY--TOPICAL TERM
Topical Term Hevea brasiliensis
650 ## - SUBJECT ADDED ENTRY--TOPICAL TERM
Topical Term Rubber wood
856 ## - ELECTRONIC LOCATION AND ACCESS
Uniform Resource Identifier ATA
942 ## - ADDED ENTRY ELEMENTS (KOHA)
Koha item type Journals
Holdings
Withdrawn status Lost status Damaged status Not for loan Home library Current library Shelving location Date acquired Serial Enumeration / chronology Koha item type
      Journals RRII Library RRII Library Rubber general 17/12/2021 Volume 4, Issue 1 Journals